Normal view MARC view
  • Pfister, Oskar,

Entry Nombre Personal

Number of records used in: 3

001 - NUMERO DE CONTROL

  • campo de control: 29838

003 - IDENTIFICADOR DE NUMERO DE CONTROL

  • campo de control: DLC

005 - FECHA Y HORA DE LA ÜLTIMA TRANSACCIÓN

  • campo de control: 20221027154922.0

008 - DATOS DE LONGITUD FIJA

  • campo de control de longitud fija: 851108n| azannaabn |a aaa

010 ## - NÚMERO DE CONTROL DE LA BIBLIOTECA DEL CONGRESO

  • Número de control LC: n 85128706

035 ## - NUMERO DE CONTROL

  • Número de control: (OCoLC)oca01452831

040 ## - FUENTE DE CATALOGACIÓN

  • Agencia original de catalogación: DLC
  • Lenguaje de catalogación: spa
  • Description conventions: rda
  • Agencia de transcripción: DLC
  • Agencia que lo modifica: DLC
  • Agencia que lo modifica: OCoLC
  • Agencia que lo modifica: DNLM
  • Agencia que lo modifica: MX-MxUPN

046 ## - FECHAS CON CODIFICACIÓN ESPECIAL

  • Fecha de nacimiento: 1873
  • Fecha de muerte: 1956
  • Fuente del formato de fecha: edtf

100 1# - ENCABEZAMIENTO - NOMBRE PERSONAL

  • Nombre personal: Pfister, Oskar,
  • Fechas asociadas con el nombre: 1873-1956

378 ## - FORMA COMPLETA DE NOMBRE PERSONAL

  • Fuller form of personal name: Oskar Robert

400 1# - VEÁSE - NOMBRE DE PERSONA

  • Personal name: Pfister, Oskar Robert,
  • Dates associated with a name: 1873-1956

670 ## - FUENTE EN LA QUE SE LOCALIZARON DATOS

  • Cita de la fuente: Die Psychanalyse im Dienste der Erziehung, 1929:
  • Información localizada: portada (Dr. Oskar Pfister, Pfarrer in Zürich)

670 ## - FUENTE EN LA QUE SE LOCALIZARON DATOS

  • Cita de la fuente: LC data base, 11-5-85
  • Información localizada: (hdg.: Pfister, Oskar Robert, 1873-1956; usage: Oskar Pfister)

670 ## - FUENTE EN LA QUE SE LOCALIZARON DATOS

  • Cita de la fuente: El psicoanálisis y la educación, 1932:
  • Información localizada: portada (Oskar Pfister)

902 ## - CATALOGADOR

  • Catalogador: Víctor Ruiz/271022